Diagnóstico sobre uso, manejo y riesgos asociados con el uso de plaguicidas en Nicaragua (Borrador)
Furkejuvvon:
| Searvvušdahkki: | |
|---|---|
| Materiálatiipa: | Texto |
| Almmustuhtton: |
s.l:
CSUCA
|
| Fáddágilkorat: |
Lasit fáddágilkoriid
Eai fáddágilkorat, Lasit vuosttaš fáddágilkora!
|
MARC
| LEADER | 00000 a a2200000 04500 | ||
|---|---|---|---|
| 001 | 23563 | ||
| 003 | |||
| 040 | |a CRAI/IIS |c CRAI/IIS | ||
| 090 | |a 164800 | ||
| 110 | |a CSUCA | ||
| 245 | |a Diagnóstico sobre uso, manejo y riesgos asociados con el uso de plaguicidas en Nicaragua (Borrador) | ||
| 260 | |a s.l: |b CSUCA | ||
| 300 | |a 62 p | ||
| 999 | |c 7037 |d 7037 | ||
